LEADER 01954nam0 22003613i 450 001 SBL0576025 005 20251003044357.0 020 $aIT$b75903 100 $a20151124d1974 ||||0itac50 ba 101 | $aita$aeng 102 $ait 181 1$6z01$ai $bxxxe 182 1$6z01$an 183 1$6z01$anc$2RDAcarrier 200 1 $aˆL'‰etnia come elemento di differenziazione nella geografia urbana di Nairobi$fEmanuele Paratore 210 $aRoma$c[s. n.]$d1974$eRoma$gV. Ferri 215 $a 67 p.$cill.$d24 c 225 | $aPubblicazioni dell'Istituto di geografia, Università di Roma La Sapienza, Facoltà di lettere e filosofia$i. Serie A, Antropica e fisica$v18 300 $aTit. anche in inglese. 410 0$1001CFI0066001$12001 $aPubblicazioni dell'Istituto di geografia, Università di Roma La Sapienza, Facoltà di lettere e filosofia$i. Serie A, Antropica e fisica$v18$171201$aUniversità degli Studi di Roma$b : Istituto di geografia$3UTOV536013 510 1 $aEthnic groups as an element of diversification in the urban geohgraphy of Nairobi$9RMS1851766 606 $aNairobi$2FIR$3SBLC111705$9I 676 $a916.762$9GEOGRAFIA. KENIA$v18 676 $a916.76204$9Geografia e viaggi relativi al Kenya. Viaggi$v23 700 1$aParatore$b, Emanuele$f <1943- >$3SBNV016747$4070$0130184 801 3$aIT$bIT-000000$c20151124 850 $aIT-BN0095 901 $bNAP 01$cPOZZO LIB.$nVi sono collocati fondi di economia, periodici di ingegneria e scienze, periodici di economia e statistica e altri fondi comprendenti documenti di economia pervenuti in dono. 912 $aSBL0576025 950 0$aBiblioteca Centralizzata di Ateneo$c1 v.$d 01POZZO LIB.F. BENCARDINO 345$e 01 0000084945E VMA 1 v.$fB $h20220617$i20221125 977 $a 01 996 $aEtnia come elemento di differenziazione nella geografia urbana di Nairobi$9293610 997 $aUNISANNIO